| Registos Bibliográficos associados ao registo de autoridade |
|
Etiqueta de registo: 00000nam 2200025 450 001 2219899 003 http://id.bnportugal.gov.pt/bib/catbnp/2219899 100 ## $a20250710d2024 k y0pory01030103ba 101 0# $aeng$dpor 102 ## $aPT 105 ## $aa m 000yy 106 ## $ar 200 1# $aTenacibaculum maritimum pathogenesis$ecrosstalk between host and pathogen and beyond$fInês Almeida Ferreira$gorient. Benjamín Costas Refojos, Ana do Vale, Francisco Guardiola Abellán 210 #9 $aPorto$c[s.n.],$d2024 215 ## $aXXXVI, 316 p.$cil.$d30 cm 328 #1 $aTese dout. Ciência Animal (Morfologia e Fisiologia), Instituto de Ciências Biomédicas
de Abel Salazar, Universidade do Porto, 2024 675 ## $a597.4/.5(043)$vBN$zpor$31340323 675 ## $a579.84(043)$vBN$zpor$31224994 700 #1 $aFerreira,$bInês de Almeida$31960173 702 #1 $aVale,$bAna do$4727$31960178 702 #1 $aGuardiola Abellán,$bFrancisco$4727$31960179 702 #1 $aCostas Refojos,$bBenjamín,$f1979-$4727$31299435 801 #0 $aPT$bBN$gRPC 966 ## $lBN$mFGMON$sS.A. 191171 V.$x1 971 ## $corlando$d20250710 972 ## $e0$z0$d20250819$viquintas 973 ## $cmlsousa$d20250711
Etiqueta de registo: 00000nam 2200025 450 001 2284443 003 http://id.bnportugal.gov.pt/bib/catbnp/2284443 100 ## $a20260415d2026 k y0pory01030103ba 101 0# $aeng$dpor 102 ## $aPT 105 ## $aa m 000yy 106 ## $ar 200 1# $aInsights into the translocation mechanisms and the cytosolic delivery of molecules
by AIP56 family toxins$fBruno Pinheiro$gorient. Nuno dos Santos, Ana do Vale, Jorge Azevedo 210 #9 $aPorto$c[s.n.],$d2026 215 ## $a214 p.$cil.$d30 cm 328 #1 $aTese dout. Biologia Molecular e Celular, Instituto de Ciências Biomédicas de Abel
Salazar, Universidade do Porto, 2026 700 #1 $aPinheiro,$bBruno$31995763 702 #1 $92$aSantos,$bNuno dos$4727$31995765 702 #1 $aVale,$bAna do$4727$31960178 702 #1 $93$aAzevedo,$bJorge$4727$31265544 801 #0 $aPT$bBN$gRPC 966 ## $lBN$mFGMON$x1 971 ## $corlando$d20260415
Etiqueta de registo: 00000nam 2200025 450 001 2284653 003 http://id.bnportugal.gov.pt/bib/catbnp/2284653 100 ## $a20260417d2025 k y0pory01030103ba 101 0# $aeng$dpor 102 ## $aPT 105 ## $aa m 000yy 106 ## $ar 200 1# $aCharacterization of a novel family of AB toxins with potential to be used as antigen
delivery vehicles$fInês Lua Freitas$gorient. Nuno dos Santos, Ana do Vale, Johnny Lisboa 210 #9 $aPorto$c[s.n.],$d2025 215 ## $a197 p.$cil.$d30 cm 328 #1 $aTese dout. Biologia Molecular e Celular, Instituto de Ciências Biomédicas de Abel
Salazar, Universidade do Porto, 2025 700 #1 $aFreitas,$bInês Lua$31996134 702 #1 $92$aSantos,$bNuno dos$4727$31995765 702 #1 $aLisboa,$bJohnny$4727$31669311 702 #1 $aVale,$bAna do$4727$31960178 801 #0 $aPT$bBN$gRPC 966 ## $lBN$mFGMON$x1 971 ## $corlando$d20260417
|
|
|